BIBLIOTECA PODER JUDICIAL
Portal Judicial TDF

Nuevamente el nombre reparando derechos fundamentales de la persona humana : (Registro nro. 6333)

000 -LEADER
fixed length control field 01393nab a22002657a 4500
003 - CONTROL NUMBER IDENTIFIER
control field OSt
005 - DATE AND TIME OF LATEST TRANSACTION
control field 20260130210933.0
008 - FIXED-LENGTH DATA ELEMENTS--GENERAL INFORMATION
fixed length control field 190603e xxum|||| |||| 00| 0 spa d
040 ## - CATALOGING SOURCE
Transcribing agency PJ
100 ## - MAIN ENTRY--PERSONAL NAME
9 (RLIN) 4602
Personal name Venini, Guillermina
245 10 - TITLE STATEMENT
Title Nuevamente el nombre reparando derechos fundamentales de la persona humana :
Remainder of title los justos motivos /
Statement of responsibility, etc Guillermina Venini, Agustín Venini.
260 ## - PUBLICATION, DISTRIBUTION, ETC. (IMPRINT)
Date of publication, distribution, etc Ciudad Autónoma de Buenos Aires :
Place of publication, distribution, etc Thomson Reuters La Ley,
Name of publisher, distributor, etc 2025.
300 ## - PHYSICAL DESCRIPTION
Extent p. 87-98
500 ## - GENERAL NOTE
General note Cita: TR LALEY AR/DOC/2268/2025 <br/>Publicado en: RCCyC 2025 (Octubre).
505 ## - FORMATTED CONTENTS NOTE
Formatted contents note Sumario: I. Los hechos.— II. Nombre: atributo de la personalidad y derecho humano.— III. Nombre, identidad y justos motivos.— IV. El caso. La violencia y el abandono.— V. Reflexiones finales.
505 ## - FORMATTED CONTENTS NOTE
Formatted contents note Fallo comentado: Unidad Procesal N° 10 de San Carlos de Bariloche ~ 03/07/2025 ~ P. H. N. Y. s/ nombre.
505 ## - FORMATTED CONTENTS NOTE
Title ¿Te interesa el texto completo? Solicitalo al correo: koha@justierradelfuego.gov.ar
650 #0 - SUBJECT ADDED ENTRY--TOPICAL TERM
9 (RLIN) 1497
Topical term or geographic name as entry element CODIGO CIVIL Y COMERCIAL
650 #0 - SUBJECT ADDED ENTRY--TOPICAL TERM
9 (RLIN) 765
Topical term or geographic name as entry element DERECHOS PERSONALÍSIMOS
650 #0 - SUBJECT ADDED ENTRY--TOPICAL TERM
9 (RLIN) 2345
Topical term or geographic name as entry element DERECHO A LA IDENTIDAD
650 #0 - SUBJECT ADDED ENTRY--TOPICAL TERM
9 (RLIN) 5055
Topical term or geographic name as entry element CAMBIO DE NOMBRE
700 ## - ADDED ENTRY--PERSONAL NAME
9 (RLIN) 7002
Personal name Venini, Agustín
773 0# - HOST ITEM ENTRY
Host Biblionumber 2713
Host Itemnumber 3170
Place, publisher, and date of publication Ciudad Autónoma de Buenos Aires : Thomson Reuters La Ley, 2015-
Title Revista Código Civil y Comercial. Nº 5 - Octubre 2025
942 ## - ADDED ENTRY ELEMENTS (KOHA)
Source of classification or shelving scheme
Koha item type Analítica Artículo de Revista

No hay ítems disponibles.

12 de Octubre 789 Ushuaia - Tel:  54(02901)441571
Horario de Atención: 8.00 a 17.00 hs. 
bibliotecaush@justierradelfuego.gov.ar
koha@justierradelfuego.gov.ar
Seguinos en nuestras redes @bibliojustdf 

Con tecnología Koha